000 00909nam a2200169 a 4500
008 070424s2006 ||||||||||||||||| || u
050 _aTHESIS/STUDENT
100 _aKasengele, Justin Mutale
245 1 3 _aAn investigation of Private sector participation in solid waste management: a case of Peri Urban areas in Lusaka
_cthesis by Justin Mutale Kasengele and supervised by M. Simposya
260 _aKitwe
_bCopperbelt University, School of Built Environment, Department of Real Estate
_c2006
300 _ax;62p.; ill
350 _a0.00
500 _athesis submitted in partial fulfilment for the award of Bachelor of Science degree in Real Estate
650 _aSOLID WASTE--ZAMBIA
650 _aPRIVATE SECTOR COOPERATION--DEVELOPING COUNTRIES--ZAMBIA
995 _D0.00
_FCBU-MAIN LIBRARY (Kitwe)
_H1
_I0.00
_M1
_UAVAILABLE
_WApr 24, 2007
_ZUniversity Collection
999 _c48235
_d48235